Những vấn đề cơ bản về Liên minh Châu Âu và pháp luật cộng đồng Châu Âu = L'essentiel de I'Union eauropéenne et du droit communautaire

Cuốn sách, giúp độc giả nắm bắt được những nét đặc trưng độc đáo của hệ thống pháp luật cộng đồng Châu Âu. Thông tin sơ lược về 15 nước thành viên Liên minh Châu Âu , về các bước cơ bản trong quá trình xây dựng liên minh, chính sách...

Szczegółowa specyfikacja

Zapisane w:
Opis bibliograficzny
1. autor: Favret, Jean-Marc
Format: Książka
Język:Undetermined
Wydane: Văn hoá - Thông tin Hà Nội 2002
Hasła przedmiotowe:
Etykiety: Dodaj etykietę
Nie ma etykietki, Dołącz pierwszą etykiete!
Thư viện lưu trữ: Trung tâm Học liệu Trường Đại học Cần Thơ
LEADER 01244nam a2200217Ia 4500
001 CTU_170108
008 210402s9999 xx 000 0 und d
082 |a 341.242 
082 |b F277 
100 |a Favret, Jean-Marc 
245 0 |a Những vấn đề cơ bản về Liên minh Châu Âu và pháp luật cộng đồng Châu Âu = 
245 0 |b L'essentiel de I'Union eauropéenne et du droit communautaire 
245 0 |c Jean-Marc Favret , Trương Quang Dũng (người dịch) 
260 |a Văn hoá - Thông tin 
260 |b Hà Nội 
260 |c 2002 
520 |a Cuốn sách, giúp độc giả nắm bắt được những nét đặc trưng độc đáo của hệ thống pháp luật cộng đồng Châu Âu. Thông tin sơ lược về 15 nước thành viên Liên minh Châu Âu , về các bước cơ bản trong quá trình xây dựng liên minh, chính sách và hành động chung của Liên minh. 
650 |a Law,European Union,Luật,Liên minh Châu Âu 
650 |z European Union,Liên minh Châu Âu 
904 |i NThơ, Năm 
980 |a Trung tâm Học liệu Trường Đại học Cần Thơ